[Event "COL-ch U12 Girls"]
[Site "Choconta"]
[Date "2023.03.19"]
[Round "4"]
[White "Alegre Lozano, Gabriela"]
[Black "Altamar Gomez, Sara Sofia"]
[Result "1-0"]
[WhiteElo "1252"]
[BlackElo "1230"]
[PlyCount "81"]
[EventDate "2023.03.17"]
[EventType "swiss"]
[EventRounds "7"]
[EventCountry "COL"]
[SourceTitle "CBM 213 Extra"]
[Source "ChessBase"]
[SourceDate "2023.05.31"]
[SourceVersion "1"]
[SourceVersionDate "2023.05.31"]
[SourceQuality "1"]

1. b3 c5 2. Bb2 Nc6 3. e3 Nf6 4. Nf3 d5 5. d3 Bg4 6. Be2 e5 7. Nxe5 Bxe2 8. Qxe2 Nxe5 9. Bxe5 Bd6 10. Bb2 0-0 11. 0-0 Re8 12. Qf3 h6 13. Nd2 d4 14. exd4 cxd4 15. Rfe1 Qa5 16. Ne4 Bb4 17. Re2 Re7 18. a3 Bc3 19. Bxc3 dxc3 20. Nxf6+ gxf6 21. Rxe7 Rf8 22. h3 b5 23. Rae1 b4 24. a4 Qd8 25. Qe3 a5 26. Re8 Rxe8 27. Qxe8+ Qxe8 28. Rxe8+ Kg7 29. Ra8 Kg6 30. Rxa5 f5 31. Rb5 Kf6 32. a5 Ke6 33. a6 Kd6 34. a7 Kc6 35. a8Q+ Kxb5 36. Qd5+ Kb6 37. Kf1 Kc7 38. Qxf7+ Kd6 39. Qxf5 Kc6 40. Qe5 h5 41. Kg1 1-0